Cortometraje de ficción : manual del guionista /
שמור ב:
| מחבר ראשי: | |
|---|---|
| פורמט: | ספר |
| שפה: | ספרדית |
| יצא לאור: |
México :
UAM Xochimilco, División de Ciencias Sociales y Humanidades,
2016, c2016
|
| נושאים: | |
| תגים: |
אין תגיות, היה/י הראשונ/ה לתייג את הרשומה!
|
MARC
| LEADER | 00000nam^a2200000^a^4500 | ||
|---|---|---|---|
| 001 | 000399924 | ||
| 005 | 20250521000000.0 | ||
| 009 | 20260310121606.427 | ||
| 020 | |a 978-607-28-0972-7 | ||
| 037 | |a Acervo ITESO - Biblioteca | ||
| 041 | |a ESP | ||
| 082 | |a 302. 23517 |b VEG | ||
| 100 | |a Vega Escalante, Carlos |e (autor) | ||
| 245 | 1 | 0 | |a Cortometraje de ficción : |b manual del guionista / |c C. Vega Escalante. |
| 264 | 4 | |a México : |b UAM Xochimilco, División de Ciencias Sociales y Humanidades, |c 2016, c2016 | |
| 300 | |a 127 p. | ||
| 336 | |a texto |b txt |2 rdacontenido | ||
| 337 | |a sin mediación |b n |2 rdamedio | ||
| 338 | |a volumen |b nc |2 rdasoporte | ||
| 521 | |a FIL 2017 EEnlace Departamento de Estudios Socioculturales | ||
| 649 | |a XX | ||
| 650 | |a Guiones Cinematográficos - |x Técnica - |x Tema Principal | ||
| 650 | |a Cortometrajes y Mediometrajes - |x Técnica - |x Tema Principal | ||
| 650 | |a Cine - |x Técnica | ||
| 650 | |a Ficción (Narrativa) - |x Técnica | ||
| 910 | |a Fondo General | ||
| 920 | |a Impresos - Libros | ||
| 930 | |a Colección General | ||
| 905 | |a 101 | ||
| 901 | |a 0500295264 |b IT1 |c ACC |i c157803 |u 20250521 | ||
| 902 | |a https://opac.biblio.iteso.mx/vufind/Record/000399924 | ||